Central Library OPAC University of Rajshahi

Africa : (Record no. 23475)

MARC details
000 -LEADER
fixed length control field 00735nam a22002651 4500
001 - CONTROL NUMBER
control field 23475
003 - CONTROL NUMBER IDENTIFIER
rucl marc code BD-RjUL
005 - DATE AND TIME OF LATEST TRANSACTION
control field 20211209000932.0
008 - FIXED-LENGTH DATA ELEMENTS--GENERAL INFORMATION
fixed length control field 140311s1971 xx 001 0 eng
035 ## - SYSTEM CONTROL NUMBER
System control number (BD-RjUL)23540
System control number (OCoLC)909344
040 ## - CATALOGING SOURCE
Original cataloging agency DLC
Transcribing agency MBNU
Modifying agency DLC
-- BD-RjUL
Language of cataloging eng
041 ## - LANGUAGE CODE
Language code of text/sound track or separate title eng
082 00 - DEWEY DECIMAL CLASSIFICATION NUMBER
Classification number 916.03
Author mark and year AFR 1971
245 10 - TITLE STATEMENT
Title Africa :
Remainder of title a handbook /
Statement of responsibility, etc. Edited by Colin Legum.
250 ## - EDITION STATEMENT
Edition statement Revised and enlarged ed.
260 ## - PUBLICATION, DISTRIBUTION, ETC. (IMPRINT)
Place of publication, distribution, etc. London :
Name of publisher, distributor, etc. Anthony Blond,
Date of publication, distribution, etc. c1971.
300 ## - PHYSICAL DESCRIPTION
Pagination xii, 558 p. :
Illustrations ill. ;
Size 24 cm.
504 ## - BIBLIOGRAPHY, ETC. NOTE
Bibliography, etc Includes bibliographies and index.
651 #0 - SUBJECT ADDED ENTRY--GEOGRAPHIC NAME
Geographic name Africa.
9 (RLIN) 72298
700 1# - ADDED ENTRY--PERSONAL NAME
Personal name Legum, Colin,
942 ## - ADDED ENTRY ELEMENTS (KOHA)
Source of classification or shelving scheme Dewey Decimal Classification
Koha item type Books
Holdings
Lost status Source of classification or shelving scheme Damaged status Not for loan Collection code Permanent Location Current Location Shelving location Date acquired Source of acquisition Cost, normal purchase price Total Checkouts Full call number Date last seen Copy number Koha item type
  Dewey Decimal Classification   Added to bundle Non-fiction Central Library, University of Rajshahi Central Library, University of Rajshahi Reading Room 08/09/1973 Standard pub. ltd 157.50   916.03 AFR 1971 11/03/2014 C-1 Books